Quick look drug book 2010 /

Bibliographic Details
Other Authors: Lance, Leonard L.
Format: Book
Language:English
Published: Philadelphia, Pa. : Wolters Kluwer Health/Lippincott Williams & Wilkins, 2010.
Subjects:

MARC

Tag First Indicator Second Indicator Subfields
LEADER 00000cam a22000008a 4500
001 in00004512113
005 20211004103407.0
008 090825s2010 paua 001 0 eng
015 |a GBA986829  |2 bnb 
020 |a 9780781797177 (pbk.) 
020 |a 0781797179 (pbk.) 
035 |a (OCoLC)ocn430842766 
035 |a (OCoLC)430842766 
035 |z (UtOrBLW)51010 
035 |a 71773 
040 |a UKM  |c UKM  |d BTCTA  |d YDXCP  |d TMV  |d UtOrBLW 
049 |a TMVM  |c 1 
060 4 |a QV 39  |b Q61 2010 
245 0 0 |a Quick look drug book 2010 /  |c Leonard L. Lance [and others]. 
264 1 |a Philadelphia, Pa. :  |b Wolters Kluwer Health/Lippincott Williams & Wilkins,  |c 2010. 
300 |a 1381 pages :  |b illustrations ;  |c 23 cm. 
336 |a text  |2 rdacontent  |b txt 
337 |a unmediated  |2 rdamedia 
338 |a volume  |2 rdacarrier  |b nc 
500 |a Includes index. 
650 0 |a Pharmacopoeias. 
650 2 |a Pharmaceutical Preparations. 
650 2 |a Drug Therapy. 
650 2 |a Tablets. 
650 2 |a Capsules. 
655 2 |a Handbook. 
700 1 |a Lance, Leonard L. 
999 |a MARS 
999 f f |s c95fd13f-d6ed-3a50-98fb-62e95825335f  |i 8a96c33b-565d-3158-85f2-01eef4867457  |t 0 
952 f f |p ric  |a Texas A&M University  |b Rellis Campus  |c Joint Library Facility  |d Remote Storage  |t 0  |e QV 39 Q61 2010  |h National Library of Medicine classification  |i unmediated -- volume  |m 323890211211X 
998 f f |a QV 39 Q61 2010  |t 0  |l Remote Storage